Datum a čas kvízu
41.5
Celkem bodů
Celkový počet nahraných bodů na tomto kvízu bez doplňovacích otázek.
3.
Pořadí na kvízu
Konečné umístění týmu na tomto kvízu.
Zaznamenané odpovědi
| # | Otázka | Odpověď | Body | Výsledky |
|---|---|---|---|---|
| 1. | Počátkem minulého týdne se v č... | v Ostravě | 0 | |
| 2. | Manželka premiéra jedné evrops... | Boris Johnson | 1 | |
| 3. | Jeden z největších pornografic... | Pornhub | 1 | |
| 4. | V pátek byl v Praze otevřen ob... | Zákazníci si zboží vybírají virtuálně. | 1 | |
| 5. | Jak se jmenuje první český oly... | Lukáš Rohan, stříbro | 0.5 | |
| 6. | V tomto tématu se zaměříme na... | Cyril Höschl | 1 | |
| 7. | V populaci se jako druhé nejča... | obsedantně kompulzivní | 1 | |
| 8. | Hypericum perforatum je latins... | třezalka (tečkovaná) | 1 | |
| 9. | Depresivní poruchou trpí známý... | Jim Carrey | 1 | |
| 10. | Lithium se používá v psychiatr... | 1991 (Uznáváme 1989–93.) | 1 |